01296cam a2200337 a 450000100040000000500170000400800410002102000160006204000230007805000240010108200080012510000240013324500900015725000460024726000340029330000400032749000320036750500080039952001760040752100200058352100200060365000260062365000220064965000200067165000260069170000310071790600450074894200150079399900130080895201370082190720230824112323.0010730s2002 nyua b 000 1 eng  a04394408069 aDLCcDLCdDLCbeng00aPZ7.O81167bSs 200200aFic1 aOsborne, Mary Pope.10aStage fright on a summer night /cby Mary Pope Osborne ; illustrated by Sal Murdocca. aFirst Scholastic printing, September 2002 aNew York :bScholasticc2002. a70 pages : billustrations; c20 cm1 aMagic tree house ;vBook 25 aN  aJack and Annie travel in their magic tree house to Elizabethan London, where they become actors in a production of A Midsummer Night's Dream and try to rescue a tame bear. a560 bLexile  aN bRaz-Plus  1aTime travelvFiction. 1aTheatervFiction. 1aMagicvFiction. 1aTree housesvFiction.1 aMurdocca, Saleillustrator a7bcbccorignewd1eocipf20gy-gencatlg 2ddccBKn0 c907d907 00102ddc40708JUVFa001b002cTTPd2023-07-13l2oOSB Fic PZ7.O81167pFISBK00111r2025-12-09 10:42:07s2025-10-08w2023-07-13yBK